All U.S. Vice Presidents by Signature - Statistics

General Stats
  • This quiz has been taken 35 times
    30 since last reset
  • The average score is 22 of 49
Answer Stats
Picture Answer % Correct
Harry S. Truman
100%
John Adams
100%
Gerald Ford
94%
Dick Cheney
81%
Richard M. Johnson
75%
Richard Nixon
75%
Walter Mondale
75%
Henry A. Wallace
69%
Joe Biden
69%
John Tyler
69%
Andrew Johnson
63%
Hubert Humphrey
63%
Levi P. Morton
63%
Millard Fillmore
63%
Theodore Roosevelt
63%
Thomas R. Marshall
63%
William R. King
63%
George H.W. Bush
56%
Henry Wilson
56%
Lyndon B. Johnson
56%
Alben W. Barkley
50%
Charles W. Fairbanks
50%
Elbridge Gerry
50%
Aaron Burr
44%
Al Gore
44%
William A. Wheeler
44%
Adlai Stevenson I
38%
George M. Dallas
38%
Hannibal Hamlin
38%
Martin Van Buren
38%
Dan Quayle
31%
John Breckinridge
31%
Thomas A. Hendricks
31%
Thomas Jefferson
31%
Charles Curtis
25%
John Nance Garner
25%
Spiro Agnew
25%
Charles G. Dawes
19%
Chester A. Arthur
19%
George Clinton
19%
James S. Sherman
13%
Kamala Harris
13%
Calvin Coolidge
6%
Daniel D. Hopkins
6%
John C. Calhoun
6%
Nelson Rockefeller
6%
Schuyler Colfax
6%
Garret Hobart
0%
Mike Pence
0%
No matching quizzes found
Score Distribution
Percent of People with Each Score
Percentile by Number Answered
Your Score History
You have not taken this quiz since the last reset